<?xml version="1.0" encoding="UTF-8"?>
<collection xmlns="http://www.loc.gov/MARC21/slim">
 <record>
  <leader>03714cam a2200265 a 4500</leader>
  <controlfield tag="001">1/38000</controlfield>
  <controlfield tag="008">090721s2000    us            001 0 eng  </controlfield>
  <datafield tag="020" ind1=" " ind2=" ">
   <subfield code="a">9780124438750</subfield>
  </datafield>
  <datafield tag="020" ind1=" " ind2=" ">
   <subfield code="a">012443875X</subfield>
  </datafield>
  <datafield tag="035" ind1=" " ind2=" ">
   <subfield code="l">40624</subfield>
  </datafield>
  <datafield tag="040" ind1=" " ind2=" ">
   <subfield code="a">OPELS</subfield>
   <subfield code="b">eng</subfield>
   <subfield code="c">OPELS</subfield>
   <subfield code="d">OCLCQ</subfield>
   <subfield code="d">OCLCF</subfield>
   <subfield code="d">GR-PeUP</subfield>
  </datafield>
  <datafield tag="245" ind1="0" ind2="0">
   <subfield code="a">Knowledge-based systems</subfield>
   <subfield code="h">[electronic resource] :</subfield>
   <subfield code="b">techniques and applications /</subfield>
   <subfield code="c">edited by Cornelius T. Leondes.</subfield>
  </datafield>
  <datafield tag="260" ind1=" " ind2=" ">
   <subfield code="a">San Diego, Calif. ;</subfield>
   <subfield code="a">London :</subfield>
   <subfield code="b">Academic,</subfield>
   <subfield code="c">c2000.</subfield>
  </datafield>
  <datafield tag="300" ind1=" " ind2=" ">
   <subfield code="a">1 online resource (4 v. (xxvii, 1449 p.)) :</subfield>
   <subfield code="b">ill.</subfield>
  </datafield>
  <datafield tag="520" ind1=" " ind2=" ">
   <subfield code="a">The design of knowledge systems is finding myriad applications from corporate databases to general decision support in areas as diverse as engineering, manufacturing and other industrial processes, medicine, business, and economics. In engineering, for example, knowledge bases can be utilized for reliable electric power system operation. In medicine they support complex diagnoses, while in business they inform the process of strategic planning. Programmed securities trading and the defeat of chess champion Kasparov by IBM's Big Blue are two familiar examples of dedicated knowledge bases in combination with an expert system for decision-making. With volumes covering &quot;Implementation,&quot; &quot;Optimization,&quot; &quot;Computer Techniques,&quot; and &quot;Systems and Applications,&quot; this comprehensive set constitutes a unique reference source for students, practitioners, and researchers in computer science, engineering, and the broad range of applications areas for knowledge-based systems.</subfield>
  </datafield>
  <datafield tag="505" ind1="0" ind2=" ">
   <subfield code="a">Over 40 Articles Including: -- Geometric Knowledge-Based Systems Framework For Structural Image Analysis and Postprocessing. -- A Universal Representation Paradigm for Knowledge-Based Structuring Methods. -- Database Systems Techniques and Tools in Automatic Knowledge Acquisition for Rule-Based Expert Systems. -- Geometric Knowledge-Based Systems Framework for Stereo Image Matching. -- Datamining and Deductive Databases. -- Knowledge Processing in Control Systems. -- Using Domain Knowledge in Knowledge Discovery: An Optimization Perspective. -- Dynamic Structuring of Computer Control Systems. -- Dynamic Construction of Knowledge-Based Systems. -- Petri Nets in Knowledge Verification and Validation of Rule-Based Expert Systems. -- Assembling Techniques for Building Knowledge-Based Systems. -- Self Learning Knowledge Systems and Fuzzy Systems and Their Applications. -- Knowledge-Based Hybrid Techniques Combined with Simulation and Their Application to Robust Manfacturing Systems. -- Performance Evaluation and Tuning of UNIX Based Software Systems. -- Case-Based Reasoning. -- Discrete Time Control Systems. -- Design Knowledge Development Techniques and Applications in Productivity Enhancement in Concurrent Systems Design. -- Expert Systems in Power Systems Control. -- A Knowledge Modeling Technique for Construction of Knowledge and Databases in Industrial Applications. -- The Representation of Positional Information. -- Development of VLSI Systems. -- Expert Systems in Foundry System Operations. -- The Integration and Visualization of Assembly Sequences in Manufacturing Systems. -- Knowledge-Based Decision Support Systems.</subfield>
  </datafield>
  <datafield tag="505" ind1="0" ind2=" ">
   <subfield code="a">v. 1. Implementation -- v. 2. Optimization -- v. 3. Computer techniques -- v. 4. Systems and applications.</subfield>
  </datafield>
  <datafield tag="650" ind1=" " ind2="4">
   <subfield code="a">Expert systems (Computer science).</subfield>
  </datafield>
  <datafield tag="650" ind1=" " ind2="4">
   <subfield code="a">Knowledge management.</subfield>
  </datafield>
  <datafield tag="655" ind1=" " ind2="4">
   <subfield code="a">Electronic books.</subfield>
  </datafield>
  <datafield tag="700" ind1="1" ind2=" ">
   <subfield code="a">Leondes, Cornelius T.</subfield>
  </datafield>
  <datafield tag="852" ind1=" " ind2=" ">
   <subfield code="a">INST</subfield>
   <subfield code="b">UNIPILB</subfield>
   <subfield code="c">EBOOKS</subfield>
   <subfield code="e">20100621</subfield>
   <subfield code="p">00b40624</subfield>
   <subfield code="q">00b40624</subfield>
   <subfield code="t">ONLINE</subfield>
   <subfield code="y">0</subfield>
  </datafield>
  <datafield tag="856" ind1="4" ind2="0">
   <subfield code="3">ScienceDirect</subfield>
   <subfield code="u">http://www.sciencedirect.com/science/book/9780124438750</subfield>
  </datafield>
  <datafield tag="856" ind1="4" ind2=" ">
   <subfield code="d">/webopac/covers/02/40624_9780124438750.jpg</subfield>
  </datafield>
  <datafield tag="856" ind1="4" ind2=" ">
   <subfield code="d">/webopac/covers/02/40624_012443875X.jpg</subfield>
  </datafield>
 </record>
</collection>
